| 000 | 01444nam a22003977a 4500 | ||
|---|---|---|---|
| 001 | 0051433 | ||
| 003 | KOHA_MİRAKIL | ||
| 005 | 20260207003805.0 | ||
| 007 | ta | ||
| 008 | 150629b2012 xx |||grd|||#0|||0|xxx | | ||
| 020 | _a9786051333601 | ||
| 040 |
_aTR-BiSEU _btur _cTR-BiSEU _erda |
||
| 041 | 0 | _axxx | |
| 050 |
_aBF31 _b.D53 2012 |
||
| 240 | 1 | 0 |
_aPsikolojik danışma ve rehberlik terimleri sözlüğü _l |
| 245 | 1 |
_aDictionary of psychological counseling and guidance terms = _bPsikolojik danışma ve rehberlik terimleri sözlüğü/ _ceditör Nilüfer Voltan Acar. |
|
| 264 | 1 |
_aAnkara : _bNobel Akademik Yayıncılık _c2012 |
|
| 300 |
_aIV, 160 sayfa ; _c22 cm. |
||
| 336 |
_ametin _btxt _2rdacontent |
||
| 337 |
_aaracısız _bn _2rdamedia |
||
| 338 |
_acilt _bnc _2rdacarrier |
||
| 490 | 1 |
_aYayın nu ; _v458. |
|
| 490 | 1 |
_aEğitim bilimleri bilimler nu ; _v095. |
|
| 500 | _aKaynakça var. | ||
| 505 | _aİçindekiler | ||
| 650 | 0 |
_aPsychology--Dictionaries--Turkish. _995671 |
|
| 650 | 0 |
_aTurkish language--Dictionaries--English. _93196 |
|
| 650 | 0 |
_aEnglish language--Dictionaries--Turkish. _93195 |
|
| 650 | 0 |
_aPsikoloji--Sözlükler--Türkçe. _995672 |
|
| 650 | 0 |
_aTürk dili--Sözlükler--İngilizce. _91708 |
|
| 650 | 0 |
_aİngilizce dili--Sözlükler--Türkçe. _995673 |
|
| 830 | 1 |
_aYayın nu ; _v458. _99059 |
|
| 830 | 1 |
_aEğitim bilimleri bilimler nu ; _v095. _995674 |
|
| 907 | _aSözlük | ||
| 942 |
_2lcc _cBK |
||
| 999 |
_c51257 _d51257 |
||